000
00251nam a2200097Ia 4500
001
644992
005
20250826153615.0
008
250824s9999 xx 000 0 und d
245
0
_a
Güney Pasifik Adalarına Yolculuk
_c
Gülten Dayıoğlu
260
_b
ALTIN
999
_c
644992
_d
644992